Gauri Kund 1.5 km : (Record no. 94161)

MARC details
000 -LEADER
fixed length control field 00612nam a22001817a 4500
005 - DATE AND TIME OF LATEST TRANSACTION
control field 20150713112217.0
010 ## - LCCN (DPL NO)
LC control number ENG-113240
020 ## - INTERNATIONAL STANDARD BOOK NUMBER
Terms of availability 220.00
International Standard Book Number 9789352060092
035 ## - SYSTEM CONTROL NUMBER
System control number EN-96772
037 ## - SOURCE OF ACQUISITION
Source of stock number/acquisition DBAD/PUB
082 ## - DEWEY DECIMAL CLASSIFICATION NUMBER
Classification number 363.34
100 ## - MAIN ENTRY--PERSONAL NAME
Personal name Patel, Ektaa
245 ## - TITLE STATEMENT
Title Gauri Kund 1.5 km :
Statement of responsibility, etc by Ektaa Patel
Remainder of title a stirring saga of eight who witnessed near-death experience in Kedarnath natural disaster /
260 ## - PUBLICATION, DISTRIBUTION, ETC. (IMPRINT)
Place of publication, distribution, etc Chennai
Name of publisher, distributor, etc Notion Press
Date of publication, distribution, etc 2015
270 ## - ADDRESS
Address 5, Muthu Kalathy Street, Triplicane,
City Chennai
Postal code 600005
300 ## - PHYSICAL DESCRIPTION
Extent xv,173p.
Dimensions 21cm(pbk)
942 ## - ADDED ENTRY ELEMENTS (KOHA)
Source of classification or shelving scheme Dewey Decimal Classification
Item type English Books
Call number suffix PAT
Classification part 363.34
Holdings
Withdrawn status Lost status Not for loan Collection code Home library Current library Date acquired Source of acquisition Cost, normal purchase price Full call number Barcode Copy number Cost, replacement price Koha item type
    Not For Loan Fiction D.B.Act.Division D.B.Act.Division 10/06/2015 DBAD/PUB 220.00 363.34 PAT EN-96772 1 220.00 English Books

© Delhi Public Library
Hit Counter
free hit counter